[Event "Negambo op 4th"]
[Site "Negambo"]
[Date "2018.08.17"]
[Round "3"]
[White "Subasinghe, KRVR"]
[Black "Wanigasundara, WMH"]
[Result "1-0"]
[WhiteElo "2030"]
[BlackElo "1218"]
[PlyCount "99"]
[EventDate "2018.08.16"]
[EventType "swiss"]
[EventRounds "10"]
[EventCountry "SRI"]
[SourceTitle "CBM 186 Extra"]
[Source "ChessBase"]
[SourceDate "2018.08.24"]
[SourceVersion "1"]
[SourceVersionDate "2018.08.24"]
[SourceQuality "1"]

1. e4 c5 2. d4 cxd4 3. c3 dxc3 4. Nxc3 Nc6 5. Nf3 e6 6. Bc4 Be7 7. 0-0 d6 8. Qe2 Nf6 9. Rd1 e5 10. h3 0-0 11. b4 a6 12. a4 Qc7 13. Ba3 Rd8 14. Rac1 Bf8 15. Qa2 h6 16. b5 Na5 17. Nd5 Nxd5 18. Bxd5 Qe7 19. Bb4 axb5 20. axb5 Be6 21. Bxa5 b6 22. Bxe6 Rxa5 23. Bxf7+ Qxf7 24. Qxf7+ Kxf7 25. Nxe5+ Ke8 26. Nc6 Rxb5 27. Nxd8 Kxd8 28. Rc4 Kd7 29. Ra1 Be7 30. f4 d5 31. Ra7+ Ke6 32. Rc6+ Bd6 33. e5 Kf5 34. exd6 Kxf4 35. Kh2 d4 36. Rc1 d3 37. Rf1+ Ke5 38. Re7+ Kxd6 39. Re3 Rd5 40. Rd1 d2 41. Re2 Kc5 42. Rexd2 Rxd2 43. Rxd2 b5 44. Rd7 b4 45. Rxg7 b3 46. Rb7 Kc4 47. g4 Kc3 48. h4 b2 49. g5 Kc2 50. gxh6 1-0